000
00448nam a2200133Ia 4500
008
100328s9999 xx 000 0 und d
082
_b
28226
100
_a
बिनिवाळे अविनाश
245
_a
जय कैलास जय मानस
260
_b
श्री गंार्व वेद
630
_a
जय कैलास जय मानस
730
_a
जय कैलास जय मानस
942
_c
BOOK
999
_c
519750
_d
519747